Daughters of the Holy Prophet (Record no. 12766)

MARC details
000 -LEADER
fixed length control field 00580nam a2200229 a 4500
020 ## - INTERNATIONAL STANDARD BOOK NUMBER
ISBN
082 00 - DEWEY DECIMAL CLASSIFICATION NUMBER
Classification number 297.64
Author Cutter ABB1
100 ## - MAIN ENTRY--AUTHOR NAME
Author name Abbasi, S M Madni
245 ## - TITLE STATEMENT
Title Daughters of the Holy Prophet
260 ## - PUBLICATION, DISTRIBUTION, ETC. (IMPRINT)
Place of publication Delhi
Name of publisher International Islamic Publisher
Year of publication 1984
300 ## - PHYSICAL DESCRIPTION
Number of Pages 58p
500 ## - GENERAL NOTE
General note includes index and biblioraphy
650 ## - SUBJECT ADDED ENTRY--TOPICAL TERM
Topical Term Muhammad, Prophet-Family
942 ## - ADDED ENTRY ELEMENTS (KOHA)
Koha item type Books
700 1# -
-- Abbasi, S M Madni
Holdings
Collection code Home library Current library Date acquired Cost, normal purchase price Full call number Accession Number Koha item type
  Henry Martyn Institute Library Henry Martyn Institute Library 02/05/2010 20.00 297.64 ABB1 018064 Books
                   Copyright © 2026 | Henry Martyn Institute | Hyderabad | TS-500052 | INDIA | Implemented by hmi.edu.in
Hit-Count:

Powered by Koha